| 000 | 00628nam a2200181Ia 4500 | ||
|---|---|---|---|
| 008 | 180921t1995 xxu||||| |||| 00| 0 sin d | ||
| 041 | _asin | ||
| 080 |
_a577.4 _bGUN |
||
| 100 | _aGunarathna, M.M. | ||
| 245 | _aපරිසර විද්යාව හා ඒ තුල ගැබි වි ඇති ඒකියතා ධර්මය | ||
| 246 | _aParisara vidyaava haa e thula gaebvi athi ekiyathaa dhrmaya | ||
| 260 |
_bS.Godage _aColombo _c1995 |
||
| 300 | _a309p., 21 cm | ||
| 650 |
_aEcology _aAdam's peak _aSinharaja _aHorton plane |
||
| 942 | _cBK | ||
| 999 |
_c14114 _d14114 |
||
| 003 | LK-CoDNM | ||
| 040 |
_aLK-CoDNM _dLK-CoDNM _eLK-CoDNM |
||